|
|
|
|
| LEADER |
01208nam a2200241 a 4500 |
| 001 |
GR-MES1313 |
| 008 |
991111s1983 gr 000 0 gre d |
| 040 |
|
|
|a GrPaTEI
|b gre
|c GR-PaULI
|
| 245 |
0 |
0 |
|a Φοροδιαφυγή,φορολογική λογιστική,ελεκτική :
|b βιβλία Α και Β'κατηγορίας.
|
| 250 |
|
|
|a 2η εκδ
|
| 260 |
|
|
|a Αθήνα :
|b Πάμισος,
|c 1983
|
| 300 |
|
|
|a 309σελ.
|
| 500 |
|
|
|a περιέχει αλφαβητικό ευρετήριο
|
| 650 |
|
4 |
|a ΕΛΕΚΤΙΚΗ
|
| 650 |
|
4 |
|a Φοροδιαφυγή
|
| 650 |
|
4 |
|a Φορολογική λογιστική
|
| 700 |
1 |
|
|a Παπαδόπουλος, Επαμεινώνδας
|
| 710 |
0 |
|
|a Πάμισος
|
| 942 |
|
|
|2 ddc
|
| 952 |
|
|
|0 0
|1 0
|2 ddc
|4 0
|6 364_133000000000000_ΠΑΠ
|7 0
|9 265371
|a MSLG
|b MSLG
|c BSC
|d 2021-01-17
|e 24
|f 0
|g 0.00
|l 0
|o 364.133 ΠΑΠ
|p 2420000001510
|r 2021-01-17 00:00:00
|t 1
|w 2021-01-17
|y BK15
|x 19991111 0 1
|x GrPaTEI
|
| 952 |
|
|
|0 0
|1 0
|2 ddc
|4 0
|6 657_460000000000000_ΠΑΠ
|7 0
|9 265372
|a MSLG
|b MSLG
|c BSC
|d 2021-01-17
|e 24
|f 0
|g 0.00
|l 0
|o 657.46 ΠΑΠ
|p 2420000001509
|r 2021-01-17 00:00:00
|t 1
|w 2021-01-17
|y BK15
|x 19991111 0 1
|x GrPaTEI
|
| 971 |
|
|
|a .b25723558
|b 16-04-20
|c 13-09-16
|
| 999 |
|
|
|c 152573
|d 152573
|